Спящата кукла | Прощално писмо | По чужда заповед | Добра година (Запис номер 71398)
[ съкратено ]
| 000 -Лидер | |
|---|---|
| Контролно поле с фиксирана дължина | 01985nam a2200409 c 4500 |
| 003 - Код на организацията, давaща контролен номер | |
| Контролно поле | BLK |
| 005 - Дата и час на последна редакция | |
| Контролно поле | 20250401161217.0 |
| 008 - Елементи от данни с фиксирана дължина | |
| fixed length control field | 180408b bul|||||r ||||||| ||bul|| |
| 010 ## - Наследен системен номер | |
| LC control number | KNG00075767000 |
| 020 ## - Международен стандартен номер на книга ISBN | |
| Международен стандартен номер на книга ISBN | 9789549935530 |
| 040 ## - Източник на каталожния запис | |
| Идентификатор на билиотеката - собственик на записа | BLK |
| 041 ## - Код за език | |
| Код за езика на текст/звукозапис или на отделно заглавие | Български |
| Код за езика КДБФ | Български |
| 080 ## - УДК | |
| Текстов определител УДК | Английска литература |
| УДК код - определител по УДК | 821.111 |
| УДК определител | -31(082) |
| УДК - код + определител | 821.111-31(082) |
| 080 ## - УДК | |
| Текстов определител УДК | Американска литература (на САЩ) |
| УДК код - определител по УДК | 821.111(73) |
| УДК определител | -31(082) |
| УДК - код + определител | 821.111(73)-31(082) |
| 100 1# - Редна дума - Автор | |
| Автор | Дивър, Джефри Уилдс |
| Авторска отговорност | първи автор |
| R(LIN) | 366681 |
| 139 ## - Редно поле | |
| Редна дума | Дивър, Джефри Уилдс и др. |
| Авторски знак | Ди - Д 53 |
| 245 10 - Сведения за заглавието | |
| Заглавие | Спящата кукла |
| Редно поле (дума) | Джефри Уилдс Дивър; прев. от англ. Тодор Кенов Кенов; * Дик Франсис; * Никълъс Спаркс; * Питър Мейл. |
| 245 10 - Сведения за заглавието | |
| Заглавие | Прощално писмо |
| Редно поле (дума) | Никълъс Спаркс ; Прев. Весела Прошкова |
| 245 10 - Сведения за заглавието | |
| Заглавие | По чужда заповед |
| Редно поле (дума) | Дик Франсис ; Прев. Емилия Л. Масларова |
| 245 10 - Сведения за заглавието | |
| Заглавие | Добра година |
| Редно поле (дума) | Питър Мейл ; Прев. Емилия Л. Масларова |
| 257 ## - Страна на издаване | |
| Страна на създаване/издаване | Великобритания |
| -- | Съединени американски щати |
| 260 ## - Област на издателските данни | |
| Име на издателя, разпространителя и проч. | Рийдърс Дайджест |
| Година на издаване | 2009 |
| Печатница | Отпеч. в Германия |
| 300 ## - Физическа характеристика | |
| Страници | 608 с., 8 л. |
| Илюстрации и др. | цв. ил. |
| Размери/Мащаб | 22 см |
| 380 ## - Жанр | |
| Жанр | Худож. лит. |
| 490 ## - СЕРИИ (Колекции) | |
| Име на серия | Избрани книги |
| 500 ## - Общи забележки | |
| Забележка | Ориг. загл. The sleeping doll / Jeffery Deaver ; Dear John / Nicholas Sparks ; A good year / Peter Mayle ; Under orders / Michael Joseph. - Кор. опис. |
| 659 ## - Тематичен бюлетин | |
| Тематичен бюлетин | Н |
| 700 ## - Други автори (авторска отговорност) | |
| Лично име | Кенов, Тодор Кенов |
| 9 (RLIN) | 363938 |
| 700 1# - Други автори (авторска отговорност) | |
| Лично име | Франсис, Дик |
| Автороска отговорност (Описва отношението между автора и произведението) | * |
| 9 (RLIN) | 371310 |
| 700 1# - Други автори (авторска отговорност) | |
| Лично име | Спаркс, Никълъс |
| Автороска отговорност (Описва отношението между автора и произведението) | * |
| 9 (RLIN) | 366848 |
| 700 1# - Други автори (авторска отговорност) | |
| Лично име | Мейл, Питър |
| Автороска отговорност (Описва отношението между автора и произведението) | * |
| 9 (RLIN) | 295399 |
| 852 ## - Местоположение | |
| Форматна сигнатура | Цб 253132 |
| 856 4# - Електронен адрес и достъп | |
| Електронен формат | pdf - файл |
| 856 4# - Електронен адрес и достъп | |
| Електронен формат | pdf - файл |
| 942 ## - АРТИКУЛИ | |
| Вид на библиотечния материал | Книги |
| Скрит в OPAC | Не |
| Koha issues (borrowed), all copies | 3 |
| 944 ## - СЪЗДАВАНЕ И РЕДАКЦИЯ на ЗАПИСА | |
| Създаване/Редакция | Създаване |
| Дата на регистрацията/редакция | 06.10.2011 |
| Служител, извършил регистрацията/редакцията | 30531 |
| Статус, дата на статуса | Цветелина Шанова |
| 999 ## - СИСТЕМНИ КОНТРОЛНИ НОМЕРА | |
| Koha biblionumber | 71398 |
| Koha biblioitemnumber | 71398 |
| Код за отписване | Код за изгубен артикул | Код за повреда | Коз за рестрикции | Код за отдаване | Артикулен № | Име на библиотеката - собственик | Име на библиотеката, в която се намира в момента | Статус (Текущо местоположение) | Дата на вписване в системата | Местоположение - отдел | Цена в лева | Инвентарен номер | Систематично азбучна сигнатура | Баркод | Номер на екземпляра | Цена в евро | Служебна бележка | Служебен тип на артикула | Източник на класификационната схема |
|---|---|---|---|---|---|---|---|---|---|---|---|---|---|---|---|---|---|---|---|
| Не е изгубен | Не е повреден | без рестрикции | ползва се в читалня | 116540 | Регионална библиотека "Любен Каравелов" Русе | Регионална библиотека "Любен Каравелов" Русе | Хранилище | 2011-10-05 | Хранилище | 25.00 | 120000753448 | Цб 253132 | 120000753448 | 1 | 12.78 | Дост: Dp Вид: Д N: 10 Дата: 07.03.2011 | Книги | ||
| Не е изгубен | Не е повреден | заемане за дома | 950073 | Регионална библиотека "Любен Каравелов" Русе | Регионална библиотека "Любен Каравелов" Русе | Заемна - подръчен фонд | 2024-09-30 | Заемна - подръчен фонд | 10.00 | 120000913430 | 821-31/Д 53 Д | 120000913430 | 5.11 | Книги | Universal Decimal Classification |